Pyramids - Picture Quiz - Statistics

General Stats
  • This quiz has been taken 36 times
    25 since last reset
  • The average score is 5 of 20
Answer Stats
Picture Hint Answer % Correct
Louvre Pyramid
91%
Food Pyramid
64%
Bent Pyramid of Dashur
36%
Great Pyramid of Giza
32%
Transamerica Pyramid
32%
(not the Great Pyramid) Pyramid of Khafre
27%
Ryugyong Hotel
27%
El Castillo
23%
Memphis Pyramid
23%
Pyramid of Menkaure
23%
Collapsed Pyramid at Meidum
18%
(Largest pyramid by volume) Great Pyramid of Cholula
18%
Pyramid of Djoser
18%
Pyramid of the Moon
18%
Pyramid of the Sun
18%
Pyramid of Cestius
14%
La Danta Temple
9%
Luxor Hotel
9%
(Terracotta Army) Mount Li
9%
Pyramids of Güímar
5%
No matching quizzes found
Score Distribution
Percent of People with Each Score
Percentile by Number Answered
Your Score History
You have not taken this quiz since the last reset